000 00710nam a2200289Ia 4500
008 210210b1919 xxu||||| |||| 00| 0 eng d
041 _aeng
082 _a542 DUNL
100 _aDUNNICLIFF (H B)
245 _aLaboratory glassware economy
_bPractical manual on the renovation of broken glass apparatus
260 _aLondon
_bMacmillan & Co. Ltd.
_c1919
300 _ax,92
650 _athe
650 _arenovation
650 _aPractical
650 _aon
650 _aof
650 _amanual
650 _aLaboratory
650 _aglassware
650 _aglass
650 _aeconomy.
650 _abroken
650 _aapparatus.
690 _aChemistry Laboratory
906 _a010000
999 _c140578
_d140578